LEADER 01127nam0 2200301 450 001 000027154 005 20100119090321.0 100 $a20100119d1966----km-y0itaa50------ba 101 0 $aita 102 $aIT 200 1 $aCronache e saggi$fLavinia Mazzucchetti$ga cura di Eva e Luigi Rognoni 210 $aMilano$c<> Saggiatore$d1966 215 $aXXIX, 484 p.$d21 cm 225 2 $aLa cultura. Saggi di arte e di letteratura$v3 410 0$12001$aLa cultura. Saggi di arte e di letteratura$v3 606 1 $aLetteratura tedesca$zSec. 19.-20. 676 $a830.9$v(21. ed.)$9Letteratura tedesca. Storia, descrizione, studi critici 700 1$aMazzucchetti,$bLavinia$0386900 702 1$aRognoni,$bLuigi 702 1$aRognoni,$bEva 801 0$aIT$bUniversità della Basilicata - B.I.A.$gRICA$2unimarc 912 $a000027154 996 $aCronache e saggi$990610 997 $aUNIBAS BAS $aLETTERE CAT $aEXT10$b01$c20100119$lBAS01$h0903 FMT Z30 -1$lBAS01$LBAS01$mBOOK$1BASA1$APolo Storico-Umanistico$2FMAS$BFondo Masini$3FMas/817/3270$6817/3270$5B817/3270$820100119$f04$FPrestabile Didattica LEADER 00900nam0-2200301 --450 001 9910306559003321 005 20190801110401.0 010 $a978-88-6615-118-0 100 $a20190204d2015----kmuy0itay5050 ba 101 0 $aita 102 $aIT 105 $ay-------001yy 200 1 $a<>manifestazione operaia contro il fascismo$eRosignano Solvay 27 Luglio 1943$fMatteo Caponi 210 $aPiombino$cLa Bancarella$d2015 215 $a139 p.$c21 cm 225 1 $aBiblioteca di storia$v20 610 0 $aROSIGNANO MARITTIMO - Storia - 1943 610 0 $aResistenza - Toscana 676 $a323.3 676 $a940.5336 700 1$aCaponi,$bMatteo$0762063 801 0$aIT$bUNINA$gREICAT$2UNIMARC 901 $aBK 912 $a9910306559003321 952 $a323.3 CAP 1$bBibl. 2019$fFLFBC 959 $aFLFBC 996 $aManifestazione operaia contro il fascismo$91543837 997 $aUNINA